[Event "Championnat de France - Vétérans"]
[Site "NANCY"]
[Date "2013.08.12"]
[Round "1.1"]
[White "Hirschmann, Georges"]
[Black "Giffard, Nicolas"]
[Result "0-1"]
[WhiteElo "1756"]
[BlackElo "2337"]
[PlyCount "74"]

1. d4 Nf6 2. Nf3 c5 3. c4 cxd4 4. Nxd4 e5 5. Nb5 d5 6. cxd5 Bc5 7. e3 O-O 8.
Be2 Nbd7 9. O-O a6 10. N5c3 e4 11. Qc2 Qe7 12. Nd2 Re8 13. b3 b5 14. Bb2 Bb7
15. Rac1 Bd6 16. Rfe1 h5 17. Qd1 Qe5 18. Nf1 b4 19. Na4 Qg5 20. Bd4 Ne5 21.
Bxe5 Rxe5 22. Nb6 Rd8 23. Rc2 Nxd5 24. Nxd5 Rxd5 25. Qc1 h4 26. Rd1 Rxd1 27.
Bxd1 Be5 28. Be2 Bc3 29. Bc4 Bc8 30. Nd2 Qg6 31. a3 a5 32. axb4 axb4 33. Be2
Bh3 34. g3 Bg4 35. Nf1 h3 36. Bxg4 Qxg4 37. f4 Rd1 0-1

[Event "Championnat de France - Vétérans"]
[Site "NANCY"]
[Date "2013.08.12"]
[Round "1.2"]
[White "Goldenberg, Richard"]
[Black "Treiber, Jean"]
[Result "1-0"]
[WhiteElo "2301"]
[BlackElo "1749"]
[PlyCount "143"]

1. Nf3 Nf6 2. c4 g6 3. d4 Bg7 4. Nc3 O-O 5. Bg5 h6 6. Bh4 d6 7. e3 Bf5 8. Bd3
Bxd3 9. Qxd3 Nbd7 10. O-O c6 11. Rfd1 d5 12. Rac1 a6 13. Ne5 Qe8 14. f4 e6 15.
h3 Nxe5 16. fxe5 Nh7 17. e4 g5 18. Bg3 dxc4 19. Qxc4 Qe7 20. Kh1 Rac8 21. Ne2
Rcd8 22. Be1 Rfe8 23. Bb4 Qd7 24. Ba5 Rc8 25. Ng1 Nf8 26. Nf3 Ng6 27. Bd2 Kh7
28. Rf1 f5 29. exf6 Bxf6 30. e5 Be7 31. Nh2 Rf8 32. Bb4 Nf4 33. Ng4 Nd5 34. Bd2
Rxf1+ 35. Rxf1 Rf8 36. h4 Rxf1+ 37. Qxf1 Qe8 38. hxg5 hxg5 39. Qd3+ Qg6 40. Nf2
Qxd3 41. Nxd3 Kg6 42. g4 Nc7 43. Kg2 Nb5 44. Be3 Nc7 45. Kf3 Nd5 46. Bd2 Nb6
47. b3 Nd5 48. Ke4 Kg7 49. Nf2 Kg6 50. Kd3 Nb6 51. Ne4 Nc8 52. Ba5 b6 53. Bd2
a5 54. a4 Bd8 55. Kc4 Be7 56. Be1 Kf7 57. b4 axb4 58. Bxb4 Kg6 59. Bd2 Bd8 60.
Be1 Ne7 61. Bd2 Nc8 62. Bb4 Be7 63. a5 Bxb4 64. Kxb4 bxa5+ 65. Kxa5 Ne7 66. Kb6
Nd5+ 67. Kxc6 Ne3 68. Kd6 Nc2 69. Kxe6 Nxd4+ 70. Kd7 Nf3 71. e6 Ne5+ 72. Kd8
1-0

[Event "Championnat de France - Vétérans"]
[Site "NANCY"]
[Date "2013.08.12"]
[Round "1.3"]
[White "Duval, Michel"]
[Black "Leitner, Walter"]
[Result "0-1"]
[WhiteElo "1724"]
[BlackElo "2089"]
[PlyCount "130"]

1. e4 c6 2. Nc3 d5 3. Nf3 Bg4 4. exd5 cxd5 5. Bb5+ Nc6 6. d4 e6 7. h3 Bh5 8. g4
Bg6 9. Ne5 Qb6 10. Be3 O-O-O 11. Nxc6 bxc6 12. Bd3 Bd6 13. Qd2 Bxd3 14. Qxd3 h5
15. O-O-O Ne7 16. Na4 Qa5 17. Qb3 Kc7 18. Bd2 Qb5 19. Qxb5 cxb5 20. Ba5+ Kc6
21. Bxd8 Rxd8 22. Nc3 h4 23. Ne2 g5 24. Rhf1 Ng6 25. Rd3 f6 26. Kd1 b4 27. Rf3
Rf8 28. c3 a5 29. Kc2 Kd7 30. Kb3 bxc3 31. Rxc3 Rb8+ 32. Kc2 Bf4 33. Rc5 Ra8
34. Rd1 a4 35. Rc3 Kd6 36. Ra3 e5 37. dxe5+ Bxe5 38. Nc3 Bxc3 39. Rxc3 Nf4 40.
Ra3 Rc8+ 41. Kb1 Rc4 42. Rc1 Re4 43. Rh1 Ke5 44. Kc1 Re2 45. Re3+ Rxe3 46. fxe3
Nd3+ 47. Kc2 Nb4+ 48. Kb1 Ke4 49. Rf1 Kxe3 50. Rxf6 d4 51. a3 Nd5 52. Rf5 Nf4
53. Re5+ Kf3 54. Rxg5 Nxh3 55. Ra5 Nf4 56. Rxa4 d3 57. g5 h3 58. Ra7 Kg4 59.
Rh7 Nh5 60. Re7 d2 61. Kc2 h2 62. Kxd2 h1=Q 63. g6 Qd5+ 64. Ke1 Qg5 65. Re2 Ng3
0-1

[Event "Championnat de France - Vétérans"]
[Site "NANCY"]
[Date "2013.08.12"]
[Round "1.4"]
[White "Ricter, Jean-Paul"]
[Black "Demumieux, Joel"]
[Result "1-0"]
[WhiteElo "2060"]
[BlackElo "1719"]
[PlyCount "137"]

1. c4 g6 2. g3 Bg7 3. Bg2 c6 4. Nc3 e6 5. Qc2 Ne7 6. Nf3 O-O 7. b3 d5 8. Bb2
Nd7 9. O-O Qc7 10. Rac1 d4 11. Ne4 e5 12. d3 c5 13. e3 Rb8 14. exd4 exd4 15.
Rce1 Nf6 16. Bc1 Nxe4 17. Rxe4 Bf5 18. Bf4 Qd7 19. Bxb8 Bxe4 20. Bxa7 Bxf3 21.
Bxf3 Qc7 22. Re1 Nc8 23. Bxc5 Qxc5 24. Bxb7 Nd6 25. Bg2 Nb5 26. Qb2 Nc3 27. b4
Qa7 28. a3 Rb8 29. Qb3 Qa4 30. Qxa4 Nxa4 31. Re7 Nb2 32. Be4 Bf6 33. Ra7 Re8
34. Kf1 Nd1 35. c5 Nc3 36. Ra8 Bd8 37. Bc6 Rf8 38. a4 Na2 39. Rb8 Be7 40. Rb7
Rc8 41. Bd5 Nc3 42. Bf3 Bxc5 43. bxc5 Rxc5 44. Rb4 Ra5 45. Bc6 Ra6 46. Bb5 Nxb5
47. axb5 Rb6 48. Ke2 Kg7 49. Kd2 Kf6 50. Kc2 Ke5 51. Kb3 Kd5 52. Ka4 Rb8 53. b6
Kc6 54. b7 Rxb7 55. Rxb7 Kxb7 56. Kb5 Kc7 57. Kc5 f6 58. g4 Kd7 59. Kd5 Ke7 60.
f4 Kd7 61. f5 g5 62. Kc5 Kc7 63. Kxd4 Kd6 64. Kc4 Kc6 65. d4 Kd6 66. d5 Kc7 67.
Kc5 Kd7 68. d6 Kd8 69. Kc6 1-0

[Event "Championnat de France - Vétérans"]
[Site "NANCY"]
[Date "2013.08.12"]
[Round "1.5"]
[White "Ferrari, Guy"]
[Black "Daigremont, Jean-Renaud"]
[Result "1/2-1/2"]
[WhiteElo "1714"]
[BlackElo "2033"]
[PlyCount "105"]

1. e4 c5 2. Nf3 Nc6 3. d4 cxd4 4. Nxd4 Nf6 5. Nc3 e5 6. Nxc6 bxc6 7. Bd3 Bc5 8.
O-O O-O 9. Qe2 Rb8 10. b3 Re8 11. Be3 Bd4 12. Bxd4 exd4 13. Nd1 d5 14. e5 Ng4
15. f4 f6 16. h3 Nh6 17. Qh5 fxe5 18. fxe5 Qe7 19. Re1 Be6 20. Nf2 Bf7 21. Qf3
Qg5 22. Ng4 Re6 23. Re2 Bh5 24. Nxh6+ Rxh6 25. g4 Bg6 26. Rf1 Qe7 27. Qg3 Bxd3
28. cxd3 Re8 29. Kg2 Re6 30. Rfe1 Rf8 31. Rf2 Rxf2+ 32. Kxf2 Qg5 33. Re2 h5 34.
gxh5 Qxh5 35. Qg4 Rxe5 36. Rxe5 Qxe5 37. Qc8+ Kh7 38. Qxc6 Qe3+ 39. Kg2 Qe2+
40. Kg1 Qxd3 41. Qxd5 Qe3+ 42. Kh2 Qe2+ 43. Kg3 Qe3+ 44. Kg2 d3 45. Qf5+ Kh6
46. Qf3 Qd2+ 47. Kf1 Qc1+ 48. Kf2 Qc2+ 49. Ke3 d2 50. Qf4+ g5 51. Qf6+ Kh7 52.
Qf7+ Kh6 53. Qf6+ 1/2-1/2

[Event "Championnat de France - Vétérans"]
[Site "NANCY"]
[Date "2013.08.12"]
[Round "1.6"]
[White "Audiffren, Roger"]
[Black "Biguet, Jean-Claude"]
[Result "1-0"]
[WhiteElo "1971"]
[BlackElo "1708"]
[PlyCount "95"]

1. d4 Nf6 2. Nf3 g6 3. b3 Bg7 4. Bb2 d5 5. e3 O-O 6. Bd3 c5 7. Nbd2 Nc6 8. a3
cxd4 9. exd4 Bg4 10. h3 Bxf3 11. Nxf3 Nd7 12. c4 dxc4 13. bxc4 Qa5+ 14. Qd2 Qb6
15. Rb1 Qc7 16. O-O e6 17. d5 Nce5 18. Nxe5 Nxe5 19. Bxe5 Bxe5 20. Qb4 b6 21.
Be4 Rac8 22. Rbc1 Qc5 23. Rfd1 Bd4 24. Qd2 e5 25. Qa2 f5 26. Bb1 Kg7 27. a4 Kf6
28. g3 Qb4 29. Kg2 Qb2 30. Rc2 Qxa2 31. Bxa2 Rc5 32. f4 Rd8 33. Re2 Bc3 34. Rd3
Ba1 35. fxe5+ Bxe5 36. g4 Bb8 37. Re6+ Kf7 38. Rde3 fxg4 39. hxg4 Rd7 40. g5
Rc8 41. Kf3 Bd6 42. R3e4 Bc5 43. Kg4 Re7 44. Rxe7+ Bxe7 45. d6 Bd8 46. c5+ Kg7
47. Re8 bxc5 48. Rg8# 1-0

[Event "Championnat de France - Vétérans"]
[Site "NANCY"]
[Date "2013.08.12"]
[Round "1.7"]
[White "Raggini, Bernard"]
[Black "Tilquin, Jean-Pierre"]
[Result "0-1"]
[WhiteElo "1707"]
[BlackElo "1968"]
[PlyCount "104"]

1. e4 e5 2. Nf3 Nc6 3. d4 exd4 4. Bc4 Nf6 5. O-O Nxe4 6. Re1 d5 7. Bxd5 Qxd5 8.
Nc3 Qa5 9. Nxe4 Be6 10. Neg5 O-O-O 11. Nxe6 fxe6 12. Rxe6 Be7 13. a3 Bf6 14.
Qe1 Qf5 15. Qe4 Qxe4 16. Rxe4 Rhe8 17. Rxe8 Rxe8 18. Bg5 Bxg5 19. Nxg5 h6 20.
Nf3 Re2 21. Rc1 d3 22. cxd3 Rxb2 23. Kf1 Kd7 24. Rc3 Kd6 25. Ke1 b6 26. Nd2 Rb5
27. Nf3 Rd5 28. Kd2 Nd4 29. Nxd4 Rxd4 30. Ke3 c5 31. f4 b5 32. g4 a5 33. Rb3 b4
34. a4 Kd5 35. Rb1 c4 36. dxc4+ Rxc4 37. Rd1+ Ke6 38. h4 b3 39. Rb1 Rb4 40. h5
b2 41. Kf3 Kd5 42. g5 hxg5 43. fxg5 Kc4 44. h6 gxh6 45. gxh6 Kc3 46. h7 Rh4 47.
Re1 Rxh7 48. Re3+ Kc2 49. Re2+ Kb3 50. Re3+ Ka2 51. Re2 Rf7+ 52. Kg2 Ka1 0-1

[Event "Championnat de France - Vétérans"]
[Site "NANCY"]
[Date "2013.08.12"]
[Round "1.8"]
[White "Degrave, Jack"]
[Black "Duda, Richard"]
[Result "0-1"]
[WhiteElo "1961"]
[BlackElo "1690"]
[PlyCount "68"]

1. e4 d5 2. Nf3 dxe4 3. Ng5 Nf6 4. Bc4 e6 5. Nc3 Bc5 6. Ngxe4 Nxe4 7. Nxe4 Bb6
8. d3 O-O 9. O-O h6 10. Kh1 Nc6 11. Qh5 Qd4 12. f4 Ne7 13. c3 Qd7 14. d4 Qc6
15. Bd3 Nf5 16. Bd2 Bd7 17. Rae1 Rad8 18. Nf2 Qd5 19. Bxf5 exf5 20. b3 Rfe8 21.
Re5 Rxe5 22. fxe5 Be6 23. Nd3 Qe4 24. Nf4 c5 25. Nxe6 fxe6 26. Qg6 Qe2 27.
Qxe6+ Kh8 28. Qxf5 Qxd2 29. dxc5 Bxc5 30. e6 Be7 31. Qf7 Rf8 32. Qxf8+ Bxf8 33.
Rxf8+ Kh7 34. Rf1 Qe2 0-1

[Event "Championnat de France - Vétérans"]
[Site "NANCY"]
[Date "2013.08.12"]
[Round "1.9"]
[White "Lambert, Rene"]
[Black "Hodot, Yves"]
[Result "0-1"]
[WhiteElo "1677"]
[BlackElo "1928"]
[PlyCount "32"]

1. b3 f6 2. Bb2 e5 3. e4 c6 4. Nf3 d5 5. exd5 cxd5 6. Bb5+ Nc6 7. O-O Bd6 8. d4
e4 9. Nfd2 a6 10. Ba4 f5 11. c4 Nh6 12. cxd5 Bxh2+ 13. Kxh2 Qh4+ 14. Kg1 Ng4
15. Qxg4 Qxg4 16. dxc6 b5 0-1

[Event "Championnat de France - Vétérans"]
[Site "NANCY"]
[Date "2013.08.12"]
[Round "1.10"]
[White "Andrieu, Philippe"]
[Black "Talamon, Jerome"]
[Result "1-0"]
[WhiteElo "1925"]
[BlackElo "1672"]
[PlyCount "69"]

1. d4 d5 2. e4 e6 3. e5 c5 4. c3 Qb6 5. Nf3 Bd7 6. Be2 Bb5 7. O-O Bxe2 8. Qxe2
Qa6 9. Qd1 cxd4 10. cxd4 Nc6 11. Nc3 Nge7 12. Bg5 h6 13. Be3 Nf5 14. Rc1 Rc8
15. a3 Be7 16. g4 Nxe3 17. fxe3 O-O 18. h4 Na5 19. g5 h5 20. Ne1 g6 21. Ng2 Nc4
22. Qe2 Nb6 23. Qf3 Qd3 24. Nf4 Qf5 25. Qf2 Nc4 26. Kh2 a6 27. Qe1 Qg4 28. Rc2
Bxg5 29. hxg5 Qxg5 30. Rg2 Qh6 31. Rfg1 Kh7 32. Qf2 Rg8 33. Nh3 Rcf8 34. Ng5+
Kg7 35. Qf6# 1-0

[Event "Championnat de France - Vétérans"]
[Site "NANCY"]
[Date "2013.08.13"]
[Round "2.1"]
[White "Giffard, Nicolas"]
[Black "Dubreuil, Remy"]
[Result "1-0"]
[WhiteElo "2337"]
[BlackElo "1817"]
[PlyCount "119"]
[EventDate "2013.??.??"]

1. d4 Nf6 2. c4 c5 3. d5 e5 4. Nc3 d6 5. e4 Be7 6. Nge2 Nbd7 7. g3 O-O 8. Bg2
Re8 9. O-O Nf8 10. Bd2 Ng6 11. a3 Bd7 12. Qb1 Rb8 13. Qd3 Qc8 14. Rfc1 Bh3 15.
Bh1 h5 16. b4 b6 17. Rcb1 Qd7 18. Rb2 Rb7 19. Rab1 Reb8 20. Nc1 h4 21. N3e2
hxg3 22. hxg3 Qc8 23. Nb3 Bd7 24. Bc1 Ba4 25. Nd2 Be8 26. Nc3 Qh3 27. bxc5 dxc5
28. Nf1 Bd6 29. Bg2 Qc8 30. Ne3 Bd7 31. Nf5 Ne8 32. Nxd6 Nxd6 33. f4 f5 34. Bh3
fxe4 35. Nxe4 Nxe4 36. Bxd7 Qxd7 37. Qxe4 Qg4 38. Re2 Re8 39. f5 Qxe4 40. Rxe4
Nh8 41. Rg4 Rf7 42. Rg5 Rf6 43. g4 Rh6 44. Rb3 Nf7 45. Rg6 Rxg6 46. fxg6 Nh8
47. Bg5 Nxg6 48. d6 Nf8 49. Rf3 Nd7 50. Be7 g6 51. Kf2 Rb8 52. Ke3 b5 53. Ke4
bxc4 54. Kd5 Rb3 55. Rf1 Rd3+ 56. Ke6 Nb6 57. Bf6 Rh3 58. Bxe5 c3 59. Rc1 a5
60. Rxc3 1-0

[Event "Championnat de France - Vétérans"]
[Site "NANCY"]
[Date "2013.08.13"]
[Round "2.2"]
[White "Jouhaneau, Jacques"]
[Black "Goldenberg, Richard"]
[Result "0-1"]
[WhiteElo "1799"]
[BlackElo "2301"]
[PlyCount "130"]
[EventDate "2013.??.??"]

1. c4 g6 2. Nc3 Bg7 3. g3 c5 4. Bg2 Nc6 5. Nf3 e6 6. d3 Nge7 7. O-O O-O 8. a3
b6 9. Rb1 Bb7 10. e3 d5 11. cxd5 exd5 12. Ne2 Qd6 13. Bd2 a5 14. Qc2 Rfc8 15.
Rfc1 Ba6 16. Ne1 Ne5 17. Nc3 Qd7 18. f4 Ng4 19. Qb3 c4 20. Qd1 d4 21. Bxa8 dxc3
22. bxc3 Rxa8 23. d4 b5 24. e4 Bb7 25. Qe2 f5 26. e5 Qd5 27. Ng2 Bf8 28. h3 Nh6
29. Re1 Nf7 30. Kh2 Nd8 31. Ne3 Qc6 32. Bc1 a4 33. Rb2 Ne6 34. Rd2 Nd5 35. Nxd5
Qxd5 36. Qf2 Bh6 37. Rb2 Bc6 38. Rbe2 Re8 39. Rg1 Rf8 40. Qf1 Rf7 41. Qd1 Bf8
42. Rf2 Be7 43. g4 Kf8 44. g5 Ke8 45. Kg3 Bf8 46. h4 Rd7 47. Rh2 Nc5 48. Bb2 h5
49. Qe2 Nd3 50. Rf1 Kf7 51. Qe3 Nxb2 52. Rxb2 Bxa3 53. Re2 Ke6 54. Qd2 Rb7 55.
Qa2 Be7 56. Rd2 b4 57. cxb4 Rxb4 58. Qa1 Rb3+ 59. Kh2 a3 60. Qc1 c3 61. Rc2 Rb2
62. Rxb2 axb2 63. Qc2 Qg2+ 64. Qxg2 Bxg2 65. Kxg2 c2 0-1

[Event "Championnat de France - Vétérans"]
[Site "NANCY"]
[Date "2013.08.13"]
[Round "2.3"]
[White "Leitner, Walter"]
[Black "Zurano, Alberto"]
[Result "1-0"]
[WhiteElo "2089"]
[BlackElo "1808"]
[PlyCount "77"]
[EventDate "2013.??.??"]

1. d4 Nf6 2. Nf3 g6 3. e3 Bg7 4. Bd3 d6 5. Nbd2 O-O 6. b3 Nc6 7. O-O Nb4 8. Be2
Bf5 9. Ne1 e5 10. c3 Nbd5 11. Bb2 exd4 12. cxd4 Re8 13. Bf3 c6 14. g4 Be4 15.
Nxe4 Nxe4 16. Bg2 Qg5 17. Nd3 h5 18. gxh5 gxh5 19. Kh1 Nef6 20. Ne1 Ne4 21. Nf3
Qh6 22. Rc1 Ndf6 23. h3 Nd5 24. a3 Qf6 25. Rc2 Re6 26. Kh2 Rae8 27. b4 a6 28.
a4 Nxb4 29. d5 Re5 30. Bxe5 Rxe5 31. Nxe5 Qxe5+ 32. f4 Qe7 33. Rc4 Nc3 34. Qxh5
Nbxd5 35. Re1 Nxe3 36. Rxc3 Ng4+ 37. Qxg4 Qxe1 38. Rg3 Qa1 39. Qc8+ 1-0

[Event "Championnat de France - Vétérans"]
[Site "NANCY"]
[Date "2013.08.13"]
[Round "2.4"]
[White "Alexander, Christian"]
[Black "Ricter, Jean-Paul"]
[Result "0-1"]
[WhiteElo "1797"]
[BlackElo "2060"]
[PlyCount "64"]
[EventDate "2013.??.??"]

1. e4 d5 2. exd5 Nf6 3. d4 Nxd5 4. Nf3 e6 5. c3 c5 6. Bg5 Be7 7. Bxe7 Qxe7 8.
Bb5+ Bd7 9. Bxd7+ Nxd7 10. O-O O-O 11. Re1 cxd4 12. Qxd4 N7b6 13. Nbd2 Rfd8 14.
Rac1 Rac8 15. Qe4 h6 16. Nd4 Qd6 17. g3 Nd7 18. f4 Nc5 19. Qf3 Qa6 20. f5 e5
21. N4b3 Nd3 22. Ne4 Nxe1 23. Rxe1 Qxa2 24. Nbc5 Qxb2 25. Nd3 Qb6+ 26. Kg2 f6
27. Ndf2 Qb2 28. Re2 Qc1 29. Nd3 Qa3 30. Rc2 b5 31. Qe2 Rc4 32. Ra2 Rxe4 0-1

[Event "Championnat de France - Vétérans"]
[Site "NANCY"]
[Date "2013.08.13"]
[Round "2.5"]
[White "Fey, Werner"]
[Black "Audiffren, Roger"]
[Result "1/2-1/2"]
[WhiteElo "1780"]
[BlackElo "1971"]
[PlyCount "206"]
[EventDate "2013.??.??"]

1. e4 e5 2. Nf3 Nc6 3. Bb5 Nf6 4. O-O Be7 5. Re1 d6 6. d4 Bd7 7. dxe5 Nxe5 8.
Bxd7+ Nfxd7 9. Nd4 O-O 10. f4 Ng6 11. Nc3 Bf6 12. Be3 Re8 13. g3 Nb6 14. b3 a6
15. Qd3 Rc8 16. Bf2 c5 17. Nf5 c4 18. bxc4 Rxc4 19. Bd4 Bxd4+ 20. Nxd4 Qc7 21.
Re3 Rc8 22. Nde2 Qc5 23. Kg2 Na4 24. Nxa4 Rxa4 25. c3 h6 26. Nd4 Rc4 27. Ne2
Qa3 28. Qd2 Ne7 29. Rd1 R4c6 30. Rb1 b5 31. Rb3 Qc5 32. Nd4 R6c7 33. Rd3 Nc6
34. Nf5 Na5 35. Rb4 Nc4 36. Rxc4 bxc4 37. Rd5 Qc6 38. Qd4 f6 39. Rxd6 Qc5 40.
Qxc5 Rxc5 41. Ne7+ Kf7 42. Nxc8 Rxc8 43. Rxa6 Re8 44. Rc6 Rxe4 45. Kf3 f5 46.
a4 g5 47. a5 g4+ 48. Kf2 Ke7 49. a6 Kd7 50. Rxh6 Re8 51. Rh7+ Kc6 52. a7 Kb6
53. Re7 Ra8 54. Ke3 Kc5 55. Re5+ Kb6 56. Kd4 Rxa7 57. Kxc4 Rh7 58. Re6+ Kc7 59.
Kc5 Rxh2 60. c4 Rg2 61. Re7+ Kd8 62. Re3 Rf2 63. Kd4 Kc7 64. Ra3 Kb6 65. Re3
Kc6 66. Re6+ Kd7 67. Re5 Rf3 68. Rxf5 Rxg3 69. Rg5 Rg1 70. Ke4 g3 71. Kf3 Rc1
72. c5 Rc3+ 73. Kg2 Ke6 74. Rxg3 Rxc5 75. Rg6+ Kf7 76. Rg3 Kf6 77. Kf3 Rc4 78.
Rh3 Kg6 79. Kg4 Ra4 80. Rb3 Ra6 81. Re3 Kf6 82. Rh3 Ra4 83. Rh6+ Kg7 84. Rb6
Ra1 85. Kf5 Ra5+ 86. Kg4 Ra1 87. Kg5 Rg1+ 88. Kf5 Ra1 89. Rb7+ Kh6 90. Re7 Ra5+
91. Re5 Ra7 92. Kf6 Ra8 93. Re7 Rf8+ 94. Rf7 Ra8 95. Re7 Rf8+ 96. Ke5 Kg6 97.
Re6+ Kg7 98. f5 Rf7 99. f6+ Kg6 100. Ra6 Rb7 101. Ke6 Rb1 102. Ke7 Rb7+ 103.
Ke6 Rb1 1/2-1/2

[Event "Championnat de France - Vétérans"]
[Site "NANCY"]
[Date "2013.08.13"]
[Round "2.6"]
[White "Tilquin, Jean-Pierre"]
[Black "Mercier, Pierre"]
[Result "1-0"]
[WhiteElo "1968"]
[BlackElo "1798"]
[PlyCount "25"]
[EventDate "2013.??.??"]

1. d4 d5 2. c4 e6 3. Nc3 Nf6 4. cxd5 exd5 5. Bg5 Be7 6. e3 c6 7. Bd3 O-O 8. Qc2
Nbd7 9. Nge2 Re8 10. O-O Ne4 11. Bf4 f5 12. Nxd5 cxd5 13. Bc7 1-0

[Event "Championnat de France - Vétérans"]
[Site "NANCY"]
[Date "2013.08.13"]
[Round "2.8"]
[White "Vouin, Denis"]
[Black "Andrieu, Philippe"]
[Result "0-1"]
[WhiteElo "1779"]
[BlackElo "1925"]
[PlyCount "96"]
[EventDate "2013.??.??"]

1. b4 e6 2. Bb2 Nf6 3. a3 b6 4. e3 Bb7 5. Nf3 Be7 6. c4 O-O 7. Nc3 Re8 8. Be2
d5 9. O-O Nbd7 10. Rc1 c5 11. b5 Qc7 12. Nb1 dxc4 13. Bxc4 Ng4 14. g3 Nge5 15.
Nxe5 Nxe5 16. f4 Nxc4 17. Rxc4 Qd7 18. Qg4 f6 19. Qe2 Qxb5 20. d3 Qc6 21. Kf2
Rad8 22. Rc2 Ba6 23. Rd2 c4 24. Rc1 Bb7 25. d4 Qg2+ 26. Ke1 Qg1+ 27. Qf1 Qxe3+
28. Re2 Qd3 29. Qf2 b5 30. Re3 Qf5 31. Qe2 a5 32. Kf2 e5 33. Ke1 e4 34. Qd2 b4
35. Rxc4 Ba6 36. Rc1 bxa3 37. Bxa3 Qb5 38. Kf2 Bb4 39. Qb2 Rc8 40. Qa2+ Kh8 41.
Qb2 Rxc1 42. Qxc1 Rc8 43. Qd1 Rc2+ 44. Kg1 f5 45. Bxb4 axb4 46. Re1 Qa4 47. Qh5
Qd7 48. Qd1 Bd3 0-1

[Event "Championnat de France - Vétérans"]
[Site "NANCY"]
[Date "2013.08.13"]
[Round "2.9"]
[White "Ferrandi, Bernard"]
[Black "Belluire, Patrice"]
[Result "0-1"]
[WhiteElo "1765"]
[BlackElo "1899"]
[PlyCount "76"]
[EventDate "2013.??.??"]

1. e4 d5 2. exd5 Nf6 3. c4 c6 4. dxc6 Nxc6 5. Nf3 e5 6. Nc3 e4 7. Ng5 Qe7 8. d3
exd3+ 9. Be3 Bf5 10. Qd2 O-O-O 11. O-O-O h6 12. Nf3 Qe6 13. b3 Ba3+ 14. Kb1 a6
15. h3 Bh7 16. g4 Ne4 17. Nxe4 Bxe4 18. Bg2 g5 19. Rhe1 Bb4 20. Qb2 d2+ 21. Ka1
dxe1=Q 22. Rxe1 Bxe1 23. a3 Bxf3 24. Bxf3 Ba5 25. Bd5 Qe7 26. Ka2 Rhe8 27. b4
Bc7 28. b5 Qe5 29. Qb1 Rxd5 30. bxc6 bxc6 31. cxd5 Qxd5+ 32. Kb2 Kd7 33. Qc2
Rb8+ 34. Kc1 Bd6 35. Qc3 Qa2 36. Kd1 Rb1+ 37. Bc1 Bxa3 38. Qd4+ Qd5 0-1

[Event "Championnat de France - Vétérans"]
[Site "NANCY"]
[Date "2013.08.13"]
[Round "2.10"]
[White "Peyrin, Jean"]
[Black "Siberchicot, Robert"]
[Result "1-0"]
[WhiteElo "1899"]
[BlackElo "1780"]
[PlyCount "131"]
[EventDate "2013.??.??"]

1. d4 e6 2. c4 d5 3. Nc3 Nf6 4. Bg5 Nbd7 5. e3 Bb4 6. Nf3 O-O 7. cxd5 exd5 8.
Bd3 h6 9. Bh4 Re8 10. O-O Bxc3 11. bxc3 b6 12. Rc1 Bb7 13. c4 dxc4 14. Bxc4 Rc8
15. Qb3 Re7 16. Rfe1 g5 17. Bg3 Qf8 18. Nd2 c5 19. Bd6 Qe8 20. Bxe7 Qxe7 21.
Qd3 Kg7 22. e4 cxd4 23. Qxd4 Ne5 24. Be2 Rd8 25. Qc3 Rc8 26. Qg3 Rxc1 27. Rxc1
Nxe4 28. Nxe4 Bxe4 29. Qc3 Kg6 30. Qe3 Bb7 31. Bd3+ Kg7 32. Qh3 Qa3 33. Rd1
Qxa2 34. Qf5 Nxd3 35. Qxd3 Qe6 36. Qd4+ Kg6 37. Qd6 Qxd6 38. Rxd6+ f6 39. Rd7
Ba6 40. Rxa7 Bc4 41. f3 h5 42. Kf2 b5 43. Rb7 Kf5 44. Ke3 h4 45. g3 hxg3 46.
hxg3 Ke5 47. Rb6 f5 48. f4+ gxf4+ 49. gxf4+ Kd5 50. Rf6 Bf1 51. Rxf5+ Ke6 52.
Rf8 Bc4 53. Kd4 Ke7 54. Rb8 Kf6 55. Ke4 Bf1 56. Rb6+ Kf7 57. Ke5 Bd3 58. f5 Bc4
59. Rb7+ Kf8 60. Kf6 Kg8 61. Rb8+ Kh7 62. Ke7 Kg7 63. f6+ Kg6 64. Rb6 Bf7 65.
Rxb5 Bc4 66. Rb1 1-0

[Event "Championnat de France - Vétérans"]
[Site "NANCY"]
[Date "2013.08.14"]
[Round "3.1"]
[White "Belluire, Patrice"]
[Black "Giffard, Nicolas"]
[Result "0-1"]
[WhiteElo "1899"]
[BlackElo "2337"]
[PlyCount "104"]
[EventDate "2013.??.??"]

1. d4 Nf6 2. Bf4 g6 3. Nf3 Bg7 4. e3 d6 5. h3 O-O 6. Bd3 Nc6 7. Bh2 Kh8 8. c3
e6 9. O-O Nh5 10. a4 f5 11. Re1 Ne7 12. Na3 a6 13. b4 Nd5 14. Qb3 Ndf6 15. Nc4
Ne8 16. a5 g5 17. Nfd2 g4 18. hxg4 fxg4 19. Nf1 Bd7 20. Qc2 Qh4 21. Ng3 Nxg3
22. Bxg3 Qh5 23. Nd2 Rf6 24. Kf1 Bc6 25. Be4 d5 26. Bd3 Nd6 27. Ke2 Nf5 28.
Bxf5 Rxf5 29. Rh1 Qg6 30. Rac1 Raf8 31. Ke1 Kg8 32. Nb3 b6 33. Ra1 Bb5 34. Rd1
Rh5 35. Kd2 Rff5 36. Kc1 Qf7 37. Kb2 bxa5 38. Nxa5 Rxh1 39. Rxh1 e5 40. Nb3 e4
41. Nc5 Bf8 42. Nb3 Bd6 43. Qd1 h5 44. Bh4 Kg7 45. Ka3 Kg6 46. Nc5 Rxf2 47.
Bxf2 Qxf2 48. Qe1 Bg3 49. Qb1 Qxe3 50. Kb3 Qe2 51. Qa1 Qxg2 52. Nxa6 Bc4+ 0-1

[Event "Championnat de France - Vétérans"]
[Site "NANCY"]
[Date "2013.08.14"]
[Round "3.2"]
[White "Goldenberg, Richard"]
[Black "Peyrin, Jean"]
[Result "1-0"]
[WhiteElo "2301"]
[BlackElo "1899"]
[PlyCount "102"]
[EventDate "2013.??.??"]

1. d4 Nf6 2. c4 e6 3. a3 b6 4. Nc3 Bb7 5. Nf3 Be7 6. d5 d6 7. e4 e5 8. g3 Nbd7
9. Bg2 O-O 10. O-O Ne8 11. Ne1 a5 12. Rb1 c6 13. Be3 cxd5 14. Nxd5 Nef6 15. b4
Bxd5 16. cxd5 axb4 17. axb4 Qb8 18. Nd3 b5 19. f4 Bd8 20. fxe5 Nxe5 21. Nxe5
dxe5 22. Bc5 Bb6 23. Rxf6 gxf6 24. Qg4+ Kh8 25. Qh4 Qd8 26. Rf1 Rg8 27. Qxf6+
Qxf6 28. Rxf6 Bxc5+ 29. bxc5 Rgc8 30. c6 Kg7 31. Rf1 b4 32. Rb1 Rab8 33. Bh3
Rc7 34. Bd7 Kf6 35. d6 Rxd7 36. cxd7 Rd8 37. Rxb4 Rxd7 38. Rb6 Ke6 39. Kg2 Rxd6
40. Rxd6+ Kxd6 41. Kf3 Ke6 42. Kg4 Kf6 43. Kh5 Kg7 44. Kg5 f6+ 45. Kf5 Kf7 46.
g4 Kg7 47. g5 fxg5 48. Kxg5 Kf7 49. Kf5 h6 50. Kxe5 Ke7 51. h3 Kf7 1-0

[Event "Championnat de France - Vétérans"]
[Site "NANCY"]
[Date "2013.08.14"]
[Round "3.3"]
[White "Rosenfeld, Imre"]
[Black "Leitner, Walter"]
[Result "0-1"]
[WhiteElo "1896"]
[BlackElo "2089"]
[Annotator "Rivier,Sylvain"]
[PlyCount "64"]
[EventDate "2013.??.??"]

1. d4 d5 2. Nf3 Nf6 3. e3 c6 4. c4 e6 5. Nc3 Nbd7 6. Bd3 Be7 7. O-O O-O 8. cxd5
exd5 9. b3 Bd6 10. Bb2 Re8 11. Qc2 Nf8 12. e4 dxe4 13. Nxe4 Nxe4 14. Bxe4 Be6
15. Rfe1 Rc8 16. Rad1 Bd5 17. Bxd5 cxd5 18. Qd3 Qa5 19. a4 Ng6 20. g3 a6 21.
Kf1 Bb4 22. Rxe8+ Rxe8 23. Rc1 Qd8 24. Rc2 Qd7 25. Kg2 Qg4 26. Bc1 Bd6 27. Re2
Rxe2 28. Qxe2 Nh4+ 29. Kf1 Qxf3 30. Qe8+ Bf8 31. Qe1 Ng6 32. Be3 Qe4 {suite
illisible} 0-1

[Event "Championnat de France - Vétérans"]
[Site "NANCY"]
[Date "2013.08.14"]
[Round "3.4"]
[White "Ricter, Jean-Paul"]
[Black "Tholey, Jean-Paul"]
[Result "1/2-1/2"]
[WhiteElo "2060"]
[BlackElo "1884"]
[PlyCount "81"]
[EventDate "2013.??.??"]

1. e4 e6 2. d3 d5 3. Nd2 c5 4. g3 Nc6 5. Bg2 Nf6 6. Ngf3 Bd6 7. O-O O-O 8. Re1
Qc7 9. Nf1 dxe4 10. dxe4 Rd8 11. Qe2 e5 12. Bg5 Be7 13. c3 Be6 14. Bxf6 Bxf6
15. Ne3 Rd7 16. Nd2 Rad8 17. Nd5 Bxd5 18. exd5 Ne7 19. c4 Nf5 20. Bh3 Nd4 21.
Qe4 Re7 22. Qd3 g6 23. Ne4 Bg7 24. d6 Rxd6 25. Nxd6 Qxd6 26. Bg2 f5 27. Bd5+
Kh8 28. f3 Rd7 29. Rab1 Nc6 30. Qb3 Nd4 31. Qd3 Nc6 32. Rbd1 Nd4 33. Kg2 Qb6
34. b3 Nc6 35. Qb1 Nd4 36. Rd3 a5 37. Qd1 Qd8 38. Qd2 Bf6 39. Qf2 b6 40. Red1
Rd6 41. Qd2 1/2-1/2

[Event "Championnat de France - Vétérans"]
[Site "NANCY"]
[Date "2013.08.14"]
[Round "3.5"]
[White "Koenig, Joel"]
[Black "Tilquin, Jean-Pierre"]
[Result "0-1"]
[WhiteElo "1831"]
[BlackElo "1968"]
[PlyCount "92"]
[EventDate "2013.??.??"]

1. d4 Nf6 2. Nf3 g6 3. Bg5 Bg7 4. e3 O-O 5. Bd3 d6 6. Nbd2 Nbd7 7. h4 e5 8. h5
exd4 9. exd4 Qe8+ 10. Kf1 Nxh5 11. Rxh5 gxh5 12. Nh4 f6 13. Be3 Nb6 14. c4 f5
15. Qc2 f4 16. Bxh7+ Kh8 17. Ndf3 fxe3 18. Ng5 Rxf2+ 19. Qxf2 exf2 20. Ng6+
Qxg6 21. Bxg6 Bxd4 22. Nf3 Bxb2 23. Rb1 Nxc4 24. Kxf2 Bg4 25. Bd3 Ne5 26. Be4
Bxf3 27. gxf3 Bd4+ 28. Ke2 Rg8 29. f4 Ng4 30. Rh1 Nf6 31. Bxb7 d5 32. Bxd5 Nxd5
33. Rxh5+ Kg7 34. Rxd5 Bb6 35. a4 a5 36. Kf3 Kf6 37. Re5 Rd8 38. Kg4 Rd4 39.
Rf5+ Ke6 40. Kg5 Rxa4 41. Kg6 Ra1 42. Re5+ Kd6 43. Kf7 Rf1 44. Re4 Kd5 45. Re5+
Kd4 46. Rf5 Ke4 0-1